| 000 | 00502 a2200229 4500 | ||
|---|---|---|---|
| 260 | _aParis | ||
| 630 | _a57 - Biologie | ||
| 037 | _bAchat | ||
| 650 | _a5 - SCIENCES EXACTES ET NATURELLES | ||
| 100 | _aLehninger, Albert L. | ||
| 260 | _bFlammarion Médecine Sciences | ||
| 245 | _aPrincipes de Biochimie | ||
| 300 | _a1006 p. | ||
| 650 | _aBiochimie | ||
| 260 | _c1985 | ||
| 300 | _b27cm | ||
| 100 | _lFr | ||
| 037 | _aS 3785 | ||
| 020 | _a2-257-15015-5 | ||
| 999 |
_c41813 _d41813 |
||